Key to Mathematical methods (Record no. 60163)

000 -LEADER
fixed length control field 00438nam a22001697a 4500
003 - CONTROL NUMBER IDENTIFIER
control field NUST-PNEC
005 - DATE AND TIME OF LATEST TRANSACTION
control field 20170114142543.0
008 - FIXED-LENGTH DATA ELEMENTS--GENERAL INFORMATION
fixed length control field 140709b xxu||||| |||| 00| 0 eng d
040 ## - CATALOGING SOURCE
Transcribing agency PNEC
082 ## - DEWEY DECIMAL CLASSIFICATION NUMBER
Classification number 510 YUS
100 ## - MAIN ENTRY--PERSONAL NAME
9 (RLIN) 9
Personal name Yusuf S.M
245 ## - TITLE STATEMENT
Title Key to Mathematical methods
Statement of responsibility, etc. S. M. Yusuf
260 ## - PUBLICATION, DISTRIBUTION, ETC.
Place of publication, distribution, etc. Lahore
Name of publisher, distributor, etc. Ilmi Kitab Khana Urdu Bazar, Lahore
300 ## - PHYSICAL DESCRIPTION
Extent iv, 776p. :
Other physical details ill. :
Dimensions 21 cm.
650 ## - SUBJECT ADDED ENTRY--TOPICAL TERM
General subdivision EE, EL
942 ## - ADDED ENTRY ELEMENTS (KOHA)
Source of classification or shelving scheme
Koha item type Book
Holdings
Withdrawn status Lost status Source of classification or shelving scheme Damaged status Not for loan Permanent Location Current Location Date acquired Source of acquisition Total Checkouts Full call number Barcode Date last seen Date last checked out Price effective from Koha item type
          Pakistan Navy Engineering College (PNEC) Pakistan Navy Engineering College (PNEC) 03/22/2013 Donated 4 510 YUS PNECBB-007070 02/11/2016 02/11/2016 03/22/2013 Book
© 2023 Central Library, National University of Sciences and Technology. All Rights Reserved.